Jusqu'où irez vous ? #28 (Culture Générale) - Statistiques

Statistiques générales
  • Ce quiz a été pris 173 fois
  • Le résultat moyen est 23 sur 64
Statistiques - réponses
Hint Réponse % Correct
Donnez un pays d'Asie : A- Afghanistan B- Bahreïn C- Cambodge D- Djibouti ABC1
100%
Donnez une marque de dentifrice
A- Aquafresh B- Buccotherm C- Colgate D- Dentinel
ABC2
96%
Donnez un État du Brésil : A- Acre B- Bahia C- Ceará D- Douro ABC3
93%
Donnez un petit corps du Système solaire
A- Astéroïde B- Bolide C- Comète D- Déchet
ABC5
91%
Donnez une race de chat
A- American curl B- Bobtail américain C- Clumber Spaniel D- Devon rex
ABD4
91%
Donnez un synonyme du verbe éliminer A- Abattre B- Blâmer C- Chasser D- Dissiper ACD6
90%
Donnez un nom de cocktail alcoolisé à base de rhum A- Airmail B- Bacardi C- Communard D- Daïquiri ABD8
89%
Donnez un modèle de voiture ou camion de la marque Toyota A- Auris B- Breda C- Celica D- Dyna ACD7
89%
Donnez une mer bordant la Russie : A- Mer d’Azov B- Mer de Barents C- Mer Caspienne D- Mer de Drake ABC10
88%
Donnez une commune du Finistère : A- Auray B- Brest C- Concarneau D- Douarnenez BCD9
88%
Donnez un département français qui comptait plus de 500 000 habitants en 2023
A- Ain B- Bas-Rhin C- Calvados D- Dordogne
ABC11
87%
Donnez une ville qui a accueilli le concours de l'Eurovision A- Anvers B- Brighton C- Cannes D- Düsseldorf BCD12
86%
Donnez un club de football de MLS A- Atlanta United B- Badgers du Wisconsin C- Crew de Columbus D- D.C. United ACD13
83%
Donnez un nom de personnage de la sitcom (TV) Le Prince de Bel-Air A- Ashley Banks B- Ben Sturky C- Carlton Banks D- Dr Mumford ACD14
83%
Donnez un nom de film dans lequel apparaît Sandra Bullock A- Apparences B- Bird Box C- Collision D- Demolition Man BCD15
81%
Donnez un film sorti en 2020 ayant dépassé 1 000 000 spectateurs en France (l'intrus est sorti en 2018) A- Adieu les cons
B- Bad Boys for Life C- Cinquante Nuances plus claires D- Ducobu 3
ABD16
78%
Donnez un film dans lequel apparait Viggo Mortensen A- Appaloosa B- Le Blob C- Les Crimes du futur D- Daylight ACD17
75%
Donnez un acteur présent dans Le Silence des Agneaux (1991) A- Anthony Heald B- Bill Murray C- Chris Isaak D- Dan Butler ACD18
70%
Donnez une forêt en Corse A- Forêt d'Aïtone B- Forêt de Bonifatu C- Forêt de Chiavari D- Forêt de Domigliano ABC19
65%
Donnez une île de l'océan Indien : A- Île Amsterdam B- Île de Bitra C- Île Christmas D- Île Dumet ABC20
62%
Donnez un(e) président(e) du Mexique
A- Abelardo L. Rodríguez B- Benito Juárez C- Claudia Sheinbaum D- Dolores del Río
ABC21
59%
Donnez une oeuvre de Lewis Carroll
A- Les Aventures d'Alice au pays des merveilles B- Le Bal de la victoire C- La Chasse au Snark D- De l'autre côté du miroir
ACD22
56%
Donnez un théatre ou une salle parisienne
A- Alhambra B- Bobino C- Comédie Bastille D- Dôme Saint-Just
ABC23
54%
Donnez un personnage de la série TV Plus belle la vie
A- Amélie Lecœur B- Blanche Marci C- Céline Frémont D- Delphine Bommel
BCD24
47%
Donnez un nom d'album du rappeur Booba
A- Ad vitam æternam B- Blanco Nemesis C- Chienne de vie D- D.U.C
ABD25
43%
Donnez une marque de café
A- Aromika B- Bewley's C- Carte Noire D- Dallmayr
BCD26
40%
Donnez un titre de chanson qui a représenté la France à l'Eurovision
A- À chaque pas B- Bonjour, Bonjour C- Chanteur de charme D- Divine
ACD27
36%
Donnez un personnage de la série TV The Boys
A- Ashley Barrett B- Becca Butcher C- Cordelia Chase D- Donna January
ABD28
33%
Donnez un nom d'album du groupe Iron Maiden
A- A Matter of Life and Death B- Brave New World C- Chaos A.D. D- Dance of Death
ABD29
32%
Donnez une oeuvre d'Henri Matisse A- L'Atelier rouge B- La Blouse verte C- Le Cheval bleu D- La Danse de Merion ABD30
25%
Donnez un acteur ou une actrice français(e) présent(e) dans le film "Le Jour le plus long" (1962)
A- Arletty B- Bourvil C- Christian Marquand D- Denise Grey
ABC31
21%
Donnez une oeuvre de Gustave Courbet
A- Autoportrait à Sainte-Pélagie B- Bouquet de fleurs dans un vase C- Chasseurs dans la neige D- Danseuse rattachant son soulier
ABC32
16%
Donnez un acteur ou une actrice présent(e) dans le film La Recrue (2003) A- Al Pacino B- Bridget Moynahan C- Colin Farrell D- Dina Meyer ABC33
13%
Donnez une oeuvre de Frédéric Chopin
A- Andante en fa majeur B- Boléro en do majeur C- Cinq mazurkas D- Deux polonaises
BCD34
12%
Donnez un domaine viticole situé en Gironde
A- Château d'Armailhac B- Château Batailley C- Château de Corton-André D- Château Dauzac
ABD35
9%
Donnez une proposition correcte concernant les anciennes agglomération romaine en France
A- Agen s'appelait Aginnum B- Brest s'appelait Cenabum C- Chartres s'appelait Autricum D- Dijon s'appelait Divio
ACD36
8%
Donnez un meilleur buteur sur au moins une saison du championnat de France Football (D1 / L1)
A- Alexander Frei B- Bernard Zénier C- Corentin Martins D- Delio Onnis
ABD37
7%
Donnez un nom de personnage de la série TV Le Destin de Lisa A- Agnes Hetzer B- Bernard Plenske C- Chris Ritter D- David Seidel ABD39
7%
Donnez un nom de personnage de la série TV Julie Lescaut A- Alain Darzac B- Bruno Portal C- Christelle Renard D- David Kaplan ACD38
7%
Donnez un nom de bataille de la 1ere Guerre Mondiale A- Bataille de l'Artois B- Bataille de Bouvines C- Bataille du Chemin des Dames D- Bataille de Dinant ACD40
6%
Donnez un mot présent dans les paroles de la chanson "Les Mots Bleus" de Christophe
A- abimé B- besoin C- clocher D- démodé
BCD41
6%
Donnez un antonyme du mot sympathique A- assommant B- bilieux C- chaleureux D- déplaisant ABD42
5%
Donnez un joueur de tennis qui a battu Roger Federer lors d'un grand chelem de Tennis
A- Ančić B- Berasategui C- Čilić D- Dimitrov
ACD43
5%
Donnez une espèce de plantes à fleurs (arbre)
A- Arbousier B- Bourdaine C- Cormier D- Dormaine
ABC45
4%
Donnez une personnalité née en 1975 (l'intrus est né en 1972)
A- Arnaud Tsamere B- Bradley Cooper C- Cameron Diaz D- Drew Barrymore
ABD46
4%
Donnez un mot valable au scrabble français A- ase B- bun C- cum D- dop ABD47
4%
Donnez un mot présent dans la chanson "Tourner Les Serviettes" de Patrick Sébastien
A- alouette B- bête C- couettes D- dîners
BCD44
4%
Donnez une variété de pomme A- Ariane B- Berlepsch C- Court-Pendu D- Directeur Hardy ABC50
1%
Donnez une compagne notoire d'Alain Delon A- Anne Parillaud B- Brigitte Auber C- Catherine Benguigui D- Dalida ABD49
1%
Donnez une ville américaine qui est à la fois la capitale et la ville plus peuplée de son État en 2025 : A- Austin B- Boise C- Charleston D- Des Moines BCD48
1%
Donnez un candidat de Top Chef devenu chef étoilé après le concours
A- Adrien Descouls B- Baptiste Renouard C- Camille Delcroix D- Denis Ménochet
ABC58
0%
Donnez un volcan de la planète Mars A- Albor Tholus B- Biblis Tholus C- Ceraunius Tholus D- Dinumior Tholus ABC64
0%
Donnez un personnage du dessin animé Princesse Sarah (1985) A- Amélia Mangin B- Becky C- Carl Crewe D- Mr Dufarge ABD62
0%
Donnez une place de Paris (de la ville de Paris en 2026)
A- Place Alice-Guy B- Place Bernard-Halpern C- Place Charlotte-Delbo D- Place Django-Reinhardt
ABD63
0%
Donnez une fable de la Fontaine A- L'Aigle et la Pie B- La Bergère et le Ramoneur C- Le Coche et la Mouche D- Les Deux Mulets ACD51
0%
Donnez un chanteur qui a fait l'école des fans en tant qu'artiste invité lors de la 1ere saison en 1977
A- Alain Chamfort B- Bernard Minet C- Carlos D- Daniel Guichard
ACD53
0%
Donnez un nom de porte-avions de l’US Navy
A- Abraham Lincoln B- Benjamin M. Friedman C- Carl Vinson D- Dwight D. Eisenhower
ACD54
0%
Donnez un nom d'épisode de la série TV Fais-moi peur ! (années 90 à nos jours)
A- L’Histoire de l’autoroute 13 B- L'histoire du banc maudit C- L’Histoire du cavalier sans tête D- L'Histoire de la danse macabre
ACD55
0%
Donnez un coureur cycliste qui a fini dans les 15 premiers du Tour de France 2000 A- Alexandre Vinokourov B- Bo Hamburger C- Christophe Moreau D- Daniele Nardello ACD60
0%
Donnez un film avec Sharon Stone
A- Alpha Dog B- Batman C- Casino D- Divorce à Hollywood
ACD61
0%
Donnez un rugbyman (à XV) champion du monde avec l'Afrique du Sud en 2023
A- Aprocius Petrus B- Bongi Mbonambi C- Cheslin Kolbe D- Damian Willemse
BCD52
0%
Donnez une proposition qui désigne Mercure : A- une chanson de Nick Drake B- un lac de l'île principale de l'archipel des Kerguelen C- un fleuve du sud de l'Italie D- une station du métro de Lille BCD56
0%
Donnez un acteur ou actrice de la série TV Sept à la maison
A- Andrew Shue B- Beverley Mitchell C- Catherine Hicks D- David Gallagher
BCD57
0%
Donnez une franchise NBA dans laquelle Seth Curry (le frère de Stephen) a déjà joué A- Atlanta Hawks B- Brooklyn Nets C- Charlotte Hornets D- Dallas Mavericks BCD59
0%
Aucun quiz correspondant
Distribution des résultats
% des personnes avec chaque résultat
Percentile par nombre de réponses
Votre historique - résultats
Vous n’avez pas pris ce quiz